Návrh na zlepšenie systému personálneho marketingu v SEMIKRON, s.r.o

Guardado en:
Detalles Bibliográficos
Autor principal: Chnapko, Igor (Autor)
Otros Autores: Vaňová, Jaromíra (Orientador)
Formato: Manuscrito Libro
Lenguaje:eslovaco
Publicado: 2020
Materias:
Acceso en línea:http://is.stuba.sk/zp/portal_zp.pl?podrobnosti=151284
Etiquetas: Agregar Etiqueta
Sin Etiquetas, Sea el primero en etiquetar este registro!

MARC

LEADER 00000ntm a22000003a 4500
001 stuzp78181
003 SK-STU
005 20200704211805.6
007 ta
008 150427s2015----xo-----f-mn---000-0-slo-d
040 |a STU  |b slo 
041 0 |a slo 
100 1 |a Chnapko, Igor  |u 064000  |k Z4  |4 aut  |U MTF Materiálovotechnologická fakulta  |T MTF Ústav priemyselného inžinierstva a manažmentu  |X 80175  |U M4000  |Y 84  |7 80175 
242 0 1 |a The proposal to improve the system of personnel marketing SEMIKRON, s.r.o  |y eng 
245 1 0 |a Návrh na zlepšenie systému personálneho marketingu v SEMIKRON, s.r.o 
260 |c 2020 
650 4 |a značka zamestnávateľa  |2 slo 
650 4 |a personálny marketing  |2 slo 
650 4 |a riadenie ľudských zdrojov  |2 slo 
650 4 |a personnel marketing  |2 eng 
650 4 |a human resource management  |2 eng 
650 4 |a employer brand  |2 eng 
700 1 |a Vaňová, Jaromíra  |u 064000  |k Z1  |4 ths  |U MTF Materiálovotechnologická fakulta  |T MTF Ústav priemyselného inžinierstva a manažmentu  |X 2877  |U M4000  |Y 84  |7 A000002877 
856 4 |u http://is.stuba.sk/zp/portal_zp.pl?podrobnosti=151284 
996 |c M* DP-14252  |l MMSKP  |s P  |a 0  |w stuzp78181_0001